000 00547nam a2200181Ia 4500
005 20230513105635.0
008 131103s9999 xx 000 0 und d
040 _aLoreto College
041 _aEnglish
082 _a823.91
_bJOY-STA
245 _aJames Joyce today
_b essays on the major works
_cedited with a preface by Thomas F.Staley
260 _aBloomington
_bIndiana University Press
_c1970
300 _aviii,184 p.
504 _aIncludes bibliographical references
700 _aStaley,Thomas F.,ed.
850 _aLCLIB
942 _cBK
999 _c4905
_d55384